| 000 | 01276 a2200361 4500 | ||
|---|---|---|---|
| 001 | 200422494 | ||
| 003 | TR-AnTOB | ||
| 005 | 20241015084803.0 | ||
| 008 | 150723e2005 xxu 001 0 | ||
| 020 | _a0821361899 | ||
| 040 |
_aDLC _beng _dTR-AnTOB _erda _cTR-AnTOB |
||
| 041 | _aeng | ||
| 050 | 0 |
_aK3820 _b.A935 2005 |
|
| 090 |
_aK3820 _b.A935 2005 |
||
| 100 |
_aAnderson, James H. _9107937 |
||
| 245 | 1 | 0 |
_aJudicial systems in transition economies : _bassessing the past, looking to the future / _cJames Anderson, David S. Bernstein, Cheryl W. Gray. |
| 264 | 1 |
_aWashington, D.C. : _bWorld Bank, _c[2005] |
|
| 264 | 4 | _c©2005 | |
| 300 |
_axvii, 110 pages : _billustrations ; _c24 cm. |
||
| 336 |
_atext _2rdacontent _btxt |
||
| 337 |
_aunmediated _2rdamedia _bn |
||
| 338 |
_avolume _2rdacarrier _bnc |
||
| 504 | _aIncludes bibliographical references and index. | ||
| 590 | _aDünya Bankası / TEPAV tarafından bağışlanmıştır. | ||
| 650 | 0 |
_aLaw and economic development _9107940 |
|
| 650 | 0 |
_aPost-communism _xEconomic aspects _9135265 |
|
| 650 | 0 |
_aLaw reform _xEconomic aspects _9107941 |
|
| 700 | 1 |
_aBernstein, David S. _9107938 |
|
| 700 | 1 |
_aGray, Cheryl W. _9107939 |
|
| 710 | 2 |
_aWorld Bank _919811 |
|
| 942 |
_cBK _2lcc |
||
| 999 |
_c200422494 _d39462 |
||